000
00345nam a22001337a 4500
003
SGT
020
_a
9788126729371
082
_a
891.4309
_b
J16K
100
_a
खेमानी, कुसुम
245
_a
जड़िया बाई
260
_b
राजकमल पेपरबैक्स
_c
2016
300
_a
167
942
_2
ddc
_c
BK
999
_c
30061
_d
30061